000 01159nam0a2200313 4500
001 RU\NLR\bibl\434733
005 20250623172911.0
010 _a5-93286-052-9
_92000
021 _aRU
_b2003-45317
_92167
035 _a(NLR Aleph) 000428548
090 _a739970
_c739970
100 _a20030910d2003 |||y0rusy50 ca
101 1 _arus
_ceng
102 _aRU
105 _aa |||||||||
200 1 _aSolaris 8
_eРуководство администратора
_fПол Уоттерс
_g[Пер. с англ. М. Зислиса]
210 _aСПб.
_cСимвол-Плюс
_aМ.
_cБ.и.
_d2003
215 _a332 с.
_cил.
_d24
300 _aЗагл. и авт. ориг.: Solaris 8 / Paul Watters
320 _aАлф. указ.: с. 307-332
454 0 _12001#$aSolaris 8$fPaul Watters
_1700#1$aWatters$bP.$gPaul$4070
_tSolaris 8
_aWatters, Paul
606 0 _aSOLARIS 8.0, сетевая операционная система
_92304358
_3RU\NLR\auth\661379449
686 _aЗ988.02-018.2
700 1 _aУоттерс
_bП.
_gПол
_4070
801 0 _aRU
_bNLR
_c20030910
_gPSBO
801 1 _aRU
_bNLR
_c20030910
942 _cBOOK
980 _aNB